000 00671nam a2200157 4500
008 030728s1996 kyub b 001 0 eng
020 _a0664256201 :USD10.00
090 _aBS2825.2
_bSl2
100 1 _aSleeper, C. Freeman
_q(Charles Freeman)
245 1 0 _aThe victorious Christ :
_ba study of the book of Revelation /
_cC Freeman Sleeper.
260 _aLouisvill, Ky. :
_bWestminster John Knox Press,
_cc1996.
300 _axi, 142 p. :
_bmap ;
_c22 cm.
504 _aIncludes bibliographical references (p. [137]-138) and index.
650 4 _aBible. N.T. Revelation
_xCriticism, interpretation, etc.
951 _p18547
_x00004159
_oBS2825.2/Sl2
_j070613111258421
_d2000-12-21
_cGC
999 _c16213
_d16213